000 00311nam a2200109Ia 4500
008 171205s9999 xx 000 0 und d
020 _a9781635493801
100 _aMiller, Finn.
245 _cFinn Miller
_aPrinciples of Operations Management
260 _bLarsen and Keller Education
_c2017
300 _a293 pages
999 _c347443
_d347443